What God knows : (Record no. 43507)
[ view plain ]
| 000 -LEADER | |
|---|---|
| fixed length control field | 01509cam a22002894a 4500 |
| 001 - CONTROL NUMBER | |
| control field | 14164773 |
| 005 - DATE AND TIME OF LATEST TRANSACTION | |
| control field | 20180921145456.0 |
| 008 - FIXED-LENGTH DATA ELEMENTS--GENERAL INFORMATION | |
| fixed length control field | 051104s2005 txu b 101 0 eng |
| 010 ## - LIBRARY OF CONGRESS CONTROL NUMBER | |
| LC control number | 2005031958 |
| 020 ## - INTERNATIONAL STANDARD BOOK NUMBER | |
| International Standard Book Number | 1932792120 |
| 035 ## - SYSTEM CONTROL NUMBER | |
| System control number | (OCoLC)ocm62322184 |
| 245 00 - TITLE STATEMENT | |
| Title | What God knows : |
| Remainder of title | time, eternity, and divine knowledge / |
| Statement of responsibility, etc | edited by Harry Lee Poe and J. Stanley Mattson. |
| 260 ## - PUBLICATION, DISTRIBUTION, ETC. (IMPRINT) | |
| Place of publication, distribution, etc | Waco, Tex. : |
| Name of publisher, distributor, etc | Baylor University Press, |
| Date of publication, distribution, etc | c2005. |
| 300 ## - PHYSICAL DESCRIPTION | |
| Extent | xx, 205 p. ; |
| Dimensions | 23 cm. |
| 336 ## - CONTENT TYPE | |
| Content Type Term | text |
| 337 ## - MEDIA TYPE | |
| Media Type Term | unmediated |
| 338 ## - CARRIER TYPE | |
| Carrier Type Term | volume |
| 504 ## - BIBLIOGRAPHY, ETC. NOTE | |
| Bibliography, etc | Includes bibliographical references (p. 177-191) and index. |
| 505 00 - FORMATTED CONTENTS NOTE | |
| Title | Problem of time in biblical perspective / |
| Statement of responsibility | Harry Lee Poe -- |
| Title | St. Augustine and the mystery of time / |
| Statement of responsibility | Timothy George -- |
| Title | On the developing scientific understanding of time / |
| Statement of responsibility | Russell Stannard -- |
| Title | Time in physics and theology / |
| Statement of responsibility | John Polkinghorne -- |
| Title | God, time, and eternity / |
| Statement of responsibility | William Lane Craig -- |
| Title | Eschatology and scientific cosmology : from conflict to interaction / |
| Statement of responsibility | Robert John Russell -- |
| Title | Time and the physics of sin / |
| Statement of responsibility | Hugh Ross -- |
| Title | Meeting the cosmic God in the existential now / |
| Statement of responsibility | Tony Campolo. |
| 650 #0 - SUBJECT ADDED ENTRY--TOPICAL TERM | |
| Topical term or geographic name as entry element | Physics |
| General subdivision | Religious aspects |
| -- | Christianity |
| Form subdivision | Congresses. |
| 650 #0 - SUBJECT ADDED ENTRY--TOPICAL TERM | |
| Topical term or geographic name as entry element | Time |
| General subdivision | Religious aspects |
| -- | Christianity |
| Form subdivision | Congresses. |
| 650 #0 - SUBJECT ADDED ENTRY--TOPICAL TERM | |
| Topical term or geographic name as entry element | God |
| General subdivision | Omniscience |
| Form subdivision | Congresses. |
| 700 1# - ADDED ENTRY--PERSONAL NAME | |
| Personal name | Poe, Harry Lee, |
| Dates associated with a name | 1950- |
| 700 1# - ADDED ENTRY--PERSONAL NAME | |
| Personal name | Mattson, J. Stanley. |
| 856 41 - ELECTRONIC LOCATION AND ACCESS | |
| Materials specified | Table of contents |
| Uniform Resource Identifier | <a href="http://www.loc.gov/catdir/toc/ecip063/2005031958.html">http://www.loc.gov/catdir/toc/ecip063/2005031958.html</a> |
| 942 ## - ADDED ENTRY ELEMENTS (KOHA) | |
| Source of classification or shelving scheme | Library of Congress Classification |
| Item type | Books |
| Withdrawn status | Lost status | Source of classification or shelving scheme | Damaged status | Not for loan | Home library | Current library | Shelving location | Date acquired | Source of acquisition | Inventory number | Total Checkouts | Full call number | Barcode | Date last seen | Price effective from | Koha item type |
|---|---|---|---|---|---|---|---|---|---|---|---|---|---|---|---|---|
| Library of Congress Classification | BSOP Library | BSOP Library | GC | 09/21/2018 | Theological Book Network | 43030 | BL265 W55 2005 | 00054030 | 09/21/2018 | 09/21/2018 | Books |
